Cocinas del Mundo (Registro nro. 5527)
[ vista simple ]
| 000 -CABECERA | |
|---|---|
| campo de control de longitud fija | 00587nam a22001817a 4500 |
| 008 - DATOS DE LONGITUD FIJA--INFORMACIÓN GENERAL | |
| campo de control de longitud fija | 170113b xxu||||| |||| 00| 0 eng d |
| 020 ## - NÚMERO INTERNACIONAL ESTÁNDAR DEL LIBRO | |
| Número Internacional Estándar del Libro | 9972752178 |
| 040 ## - FUENTE DE LA CATALOGACIÓN | |
| Centro catalogador/agencia de origen | CFT |
| Centro/agencia transcriptor | pmcft |
| 041 ## - CÓDIGO DE LENGUA | |
| Código de lengua del texto/banda sonora o título independiente | spa |
| 082 ## - NÚMERO DE LA CLASIFICACIÓN DECIMAL DEWEY | |
| Número de clasificación | 641.59 |
| Número de documento/Ítem | C/t.2 |
| 100 ## - ENTRADA PRINCIPAL--NOMBRE DE PERSONA | |
| Nombre de persona | Roca Rey Miró Quesada, Bernardo |
| Títulos y otros términos asociados al nombre | director |
| 245 ## - MENCIÓN DE TÍTULO | |
| Título | Cocinas del Mundo |
| Resto del título | Europa del Mediterráneo: Italia, Grecia, Turquía |
| 260 ## - PUBLICACIÓN, DISTRIBUCIÓN, ETC. (PIE DE IMPRENTA) | |
| Lugar de publicación, distribución, etc. | Lima |
| Nombre del editor, distribuidor, etc. | El Comercio |
| Fecha de publicación, distribución, etc. | 2005 |
| 300 ## - DESCRIPCIÓN FÍSICA | |
| Extensión | 179 páginas |
| Otras características físicas | ilustraciones a color |
| Dimensiones | 29 cm |
| 504 ## - NOTA DE BIBLIOGRAFÍA, ETC. | |
| Bibliografía, etc. | Incluye glosario |
| 650 ## - PUNTO DE ACCESO ADICIONAL DE MATERIA--TÉRMINO DE MATERIA | |
| Término de materia o nombre geográfico como elemento inicial | Cocina internacional |
| Subdivisión general | Recetas |
| Subdivisión geográfica | Italia |
| -- | Grecia |
| -- | Turquia |
| 942 ## - ELEMENTOS DE PUNTO DE ACCESO ADICIONAL (KOHA) | |
| Tipo de ítem Koha | Libro |
| Fuente del sistema de clasificación o colocación | Dewey Decimal Classification |
| Estado de retiro | Estado de pérdida | Fuente del sistema de clasificación o colocación | Estado de daño | No para préstamo | Localización permanente | Ubicación/localización actual | Fecha de adquisición | Fuente de adquisición | Coste, precio normal de compra | Total de préstamos | Signatura topográfica completa | Código de barras | Fecha visto por última vez | Precio válido a partir de | Tipo de ítem Koha |
|---|---|---|---|---|---|---|---|---|---|---|---|---|---|---|---|
| Dewey Decimal Classification | Biblioteca CENFOTUR | Biblioteca Sede Central Lima | 12/10/2015 | Donación Madeleine Burns | 15.00 | 641.59/C/t.2 | 1006074 | 13/01/2017 | 13/01/2017 | Libro |